000 00698nam a2200265Ia 4500
005 20260302114927.0
008 008 260114s9999 xx 000 0 eng d
020 _a9781978725553
037 _aTextbook
040 _aCRL
040 _beng
040 _cCRL
041 _2eng
041 _aeng
084 _qCRL
100 _aJ. Ryan Hibbett
_91120192
245 0 _aPhilip Larkin, Popular Culture, and the English Individual
260 _bBloomsbury
260 _bLexington Books
260 _c2019
650 _aLiterary Studies
856 _uhttps://doi.org/10.5040/9781978725553?locatt=label:secondary_bloomsburyCollections
942 _cEBOOK
999 _c1684330
_d1684330